000 00295nam a2200121Ia 4500
005 20260326100030.0
008 260326s9999||||xx |||||||||||||| ||und||
100 _aEscala
245 0 _aCasas :
_b Nuevas propuestas /
_cEscala
260 _bEscala
650 _aARQUITECTURA RESIDENCIAL
942 _cBK
999 _c6563
_d6563